[Event "Mechanics' Winter TNM; 30/90, SD/30"]
[Site "San Francisco"]
[Date "2009.01.27"]
[Round "4.23"]
[White "Star, Spencer"]
[Black "Chan, John"]
[Result "0-1"]
[WhiteElo "1088"]
[BlackElo "1563"]
[PlyCount "126"]
[EventDate "2009.??.??"]

1. Nf3 d5 2. c4 d4 3. d3 Nc6 4. g3 Nf6 5. Bg5 h6 6. Bf4 Bg4 7. Bg2 Bxf3 8. Bxf3
g5 9. Bd2 Bg7 10. O-O O-O 11. Qb3 Rb8 12. Na3 a6 13. Rab1 Qd7 14. e4 Ne5 15.
Bg2 Qg4 16. f3 Qh5 17. Nc2 c5 18. Ne1 b6 19. a4 Qg6 20. Qa2 a5 21. b4 axb4 22.
a5 Ra8 23. a6 Ra7 24. Ra1 Nfd7 25. f4 gxf4 26. Bxf4 Ng4 27. Nf3 Ne3 28. Bxe3
dxe3 29. Nh4 Qe6 30. Rae1 Nb8 31. Qb3 Rxa6 32. Kh1 Ra3 33. Qb1 Bd4 34. Nf5 Nc6
35. Nxe3 Bc3 36. Rd1 Nd4 37. Nc2 Ra5 38. Nxd4 Bxd4 39. Qc2 Ra3 40. Qe2 Qg6 41.
Rf4 Kh8 42. Rd2 b3 43. Rf1 Rd8 44. Bh3 e6 45. Qg4 Qxg4 46. Bxg4 Kg7 47. Rb1
Rda8 48. Bd1 b2 49. Bc2 Ra1 50. Rdd1 R8a3 51. Kg2 Rxb1 52. Rxb1 e5 53. Kf3 Kg6
54. Kg4 Ra7 55. h4 h5+ 56. Kh3 f6 57. g4 Rg7 58. Kg3 Kh6 59. Bd1 hxg4 60. Bxg4
Bc3 61. Kh3 Rg8 62. Rf1 Rf8 63. Rf5 b1=Q 0-1

[Event "Mechanics' Spring TNM; 30/90, SD/30"]
[Site "San Francisco"]
[Date "2009.04.07"]
[Round "4.26"]
[White "Star, Spencer"]
[Black "Cheng, Andrew"]
[Result "1/2-1/2"]
[WhiteElo "1097"]
[BlackElo "1316"]
[PlyCount "74"]
[EventDate "2009.??.??"]

1. c4 e5 2. g3 Nf6 3. Bg2 Nc6 4. Nc3 Bc5 5. e3 O-O 6. Nge2 d6 7. a3 a5 8. O-O
Bd7 9. d3 Re8 10. Re1 Rb8 11. Na4 Ba7 12. Bd2 Bg4 13. b4 axb4 14. axb4 Qd7 15.
b5 Ne7 16. Nac3 Bc5 17. Qc2 Bh3 18. Bh1 Ng6 19. Nd5 Ng4 20. f3 f5 21. fxg4 fxg4
22. d4 Rf8 23. Bg2 c6 24. dxc5 cxd5 25. Rf1 Bxg2 26. Rxf8+ Rxf8 27. Kxg2 Qf7
28. Nf4 Nxf4+ 29. exf4 exf4 30. Bxf4 h6 31. Bxd6 Qf3+ 32. Kg1 Qe3+ 33. Kh1 Re8
34. Qg2 dxc4 35. Qd5+ Kh7 36. Qxc4 Qf3+ 37. Kg1 Re2 1/2-1/2

[Event "Mechanics' Summer TNM; 30/90, SD/30"]
[Site "San Francisco"]
[Date "2009.06.25"]
[Round "5.32"]
[White "Star, Spencer"]
[Black "Durig, Alex"]
[Result "0-1"]
[WhiteElo "1123"]
[BlackElo "1234"]
[PlyCount "124"]
[EventDate "2009.??.??"]

1. e4 c5 2. d3 d6 3. Nf3 Nf6 4. g3 Nc6 5. Bg2 e5 6. O-O Be7 7. Nbd2 Bd7 8. c3
Qc7 9. Rb1 b5 10. b4 Rb8 11. bxc5 dxc5 12. c4 b4 13. a3 a5 14. axb4 axb4 15.
Nb3 O-O 16. h3 h6 17. Be3 Nd4 18. Nfxd4 exd4 19. Bf4 Bd6 20. Re1 Bxf4 21. gxf4
Qxf4 22. Nxc5 Bxh3 23. Bxh3 Qg5+ 24. Kf1 Qxc5 25. Qd2 Rfe8 26. Rb3 Rb6 27. f4
g5 28. f5 Nd7 29. Re2 Ne5 30. Rg2 Ra8 31. Qe1 Ra3 32. Rgb2 f6 33. Qe2 Rxb3 34.
Rxb3 Ra6 35. Qd1 Ra3 36. Kf2 Qa5 37. Ke2 Qa4 38. Rxa3 Qxa3 39. c5 Nxd3 40. Qxd3
Qb2+ 41. Qd2 Qa3 42. c6 Qxh3 43. c7 Qh2+ 44. Kd1 Qxc7 45. Qxd4 Qe7 46. Kc2 g4
47. Kb3 g3 48. Qg1 Qe5 49. Qg2 Qc3+ 50. Ka4 b3 51. Ka3 b2+ 52. Ka2 Qe5 53. Qe2
Kg7 54. Qg4+ Kf7 55. Kb1 Ke7 56. Qg7+ Kd6 57. Qg4 Qc3 58. Qd1+ Ke5 59. Qd5+ Kf4
60. Qd6+ Kf3 61. Qd1+ Kf2 62. e5 Qxe5 0-1

[Event "Mechanics' Winter TNM; 30/90, SD/30"]
[Site "San Francisco"]
[Date "2009.02.10"]
[Round "6.28"]
[White "Star, Spencer"]
[Black "Hilliard, Michael"]
[Result "0-1"]
[WhiteElo "1088"]
[BlackElo "1437"]
[PlyCount "108"]
[EventDate "2009.??.??"]

1. Nf3 d5 2. c4 e6 3. cxd5 exd5 4. d4 c5 5. g3 Nc6 6. e3 Nf6 7. Nc3 Be7 8. Bg2
O-O 9. O-O Bg4 10. h3 Bf5 11. a3 a5 12. Ne5 cxd4 13. exd4 Rb8 14. Bf4 Rc8 15.
Qb3 Nxd4 16. Qxb7 Rb8 17. Qa6 Rb6 18. Qa7 Bc5 19. Qxa5 Nb3 20. Nc6 Nxa5 21.
Nxd8 Bd4 22. Rad1 Bxc3 23. bxc3 Rb3 24. c4 Nxc4 25. g4 Bd7 26. g5 Ne8 27. Bxd5
Ned6 28. Bxf7+ Nxf7 29. Rxd7 Rxd8 30. Re1 Kf8 31. Rxd8+ Nxd8 32. Re4 Nxa3 33.
Bd6+ Kf7 34. Re7+ Kg6 35. h4 Nb5 36. Be5 Rb1+ 37. Kg2 Re1 38. Kf3 Kf5 39. Rd7
Rxe5 40. Rxd8 Re7 41. Rd5+ Re5 42. Rxe5+ Kxe5 43. Kg4 g6 44. f4+ Ke4 45. h5 Nc7
46. hxg6 hxg6 47. f5 gxf5+ 48. Kh5 Ne6 49. g6 f4 50. Kg4 f3 51. Kg3 Ke3 52. Kg4
f2 53. Kf5 f1=Q+ 54. Kxe6 Qf8 0-1

[Event "Mechanics' Summer TNM; 30/90, SD/30"]
[Site "San Francisco"]
[Date "2009.06.02"]
[Round "2.21"]
[White "Star, Spencer"]
[Black "Manvelyan, Hovik"]
[Result "0-1"]
[WhiteElo "1123"]
[BlackElo "1963"]
[PlyCount "90"]
[EventDate "2009.??.??"]

1. Nf3 d5 2. d4 Nf6 3. c4 e6 4. g3 Bb4+ 5. Nc3 O-O 6. Bg2 Ne4 7. Bd2 Nxd2 8.
Nxd2 c6 9. O-O Nd7 10. Qc2 Nb6 11. c5 Nd7 12. a3 Bxc3 13. Qxc3 e5 14. dxe5 Qe7
15. b4 Nxe5 16. Rfe1 f5 17. f4 Ng4 18. Nf1 Bd7 19. a4 Rae8 20. e3 Nf6 21. b5
Ne4 22. Bxe4 fxe4 23. Rab1 h5 24. h4 Rf6 25. Rb2 Rg6 26. b6 a6 27. Rg2 Bh3 28.
Ree2 Bxg2 29. Rxg2 Qe6 30. Kf2 Qg4 31. Ke1 Kf7 32. Qc1 Qf5 33. Qd1 Rge6 34. Qe2
g6 35. Qd1 Qf6 36. Qd2 Qa1+ 37. Qd1 Qc3+ 38. Qd2 Qxc5 39. a5 Qc4 40. g4 hxg4
41. Rxg4 c5 42. Qf2 Qc3+ 43. Nd2 Rf6 44. Rg5 d4 45. Rg3 Qc1+ 0-1

[Event "Mechanics' Winter TNM; 30/90, SD/30"]
[Site "San Francisco"]
[Date "2009.02.24"]
[Round "8.25"]
[White "Star, Spencer"]
[Black "Mar, Henry"]
[Result "1/2-1/2"]
[WhiteElo "1088"]
[BlackElo "1500"]
[PlyCount "67"]
[EventDate "2009.??.??"]

1. Nf3 Nf6 2. c4 e6 3. g3 b6 4. Bg2 Bb7 5. O-O g6 6. Nc3 Bg7 7. d4 O-O 8. d5
exd5 9. cxd5 d6 10. Bg5 Nbd7 11. a4 h6 12. Bxf6 Nxf6 13. Rc1 a6 14. Nd4 Re8 15.
b4 h5 16. h4 Ng4 17. Nc6 Qf6 18. Qe1 Bh6 19. e3 Qg7 20. Rc2 Bxc6 21. dxc6 Ne5
22. Qe2 Kh7 23. Nd5 f6 24. f4 Ng4 25. Bh3 f5 26. Bxg4 hxg4 27. Rd2 Re4 28. Rfd1
Qf7 29. Rd4 Rxd4 30. Rxd4 Bg7 31. Rd3 a5 32. b5 Re8 33. Kf2 Re4 34. Qa2 1/2-1/2

[Event "Mechanics' Summer TNM; 30/90, SD/30"]
[Site "San Francisco"]
[Date "2009.06.16"]
[Round "4.28"]
[White "Star, Spencer"]
[Black "Oca, Homer"]
[Result "0-1"]
[WhiteElo "1123"]
[BlackElo "1685"]
[PlyCount "54"]
[EventDate "2009.??.??"]

1. e4 a6 2. d3 h6 3. Nd2 e5 4. Ngf3 Nc6 5. g3 Bc5 6. Bg2 Nf6 7. O-O d6 8. h3
Be6 9. Re1 Qd7 10. Kh2 Bxf2 11. Rf1 Ba7 12. Nb3 h5 13. Nh4 O-O-O 14. Qe2 Kb8
15. Be3 Nd4 16. Nxd4 exd4 17. Bg5 Rdg8 18. Rf4 Nh7 19. Qxh5 g6 20. Qe2 Nxg5 21.
Raf1 Bxh3 22. Rh1 Bxg2 23. Kxg2 Bc5 24. Qg4 Ne6 25. Rhf1 Nxf4+ 26. Qxf4 f5 27.
exf5 g5 0-1

[Event "Mechanics' Winter TNM; 30/90, SD/30"]
[Site "San Francisco"]
[Date "2009.01.13"]
[Round "2.27"]
[White "Star, Spencer"]
[Black "Starr, Albert"]
[Result "1-0"]
[WhiteElo "1088"]
[BlackElo "1502"]
[PlyCount "47"]
[EventDate "2009.??.??"]

1. Nf3 b5 2. e4 Bb7 3. Bxb5 Bxe4 4. d4 e6 5. Nc3 Bc6 6. Bd3 Nf6 7. Ne5 Bxg2 8.
Rg1 Bc6 9. Bg5 Be7 10. Qe2 g6 11. Bh6 Nd5 12. Ne4 Bf6 13. O-O-O Bxe5 14. dxe5
f5 15. exf6 Nxf6 16. Bg7 Nxe4 17. Bxh8 Nf6 18. Bxg6+ Kf8 19. Qe3 hxg6 20. Qh6+
Ke7 21. Qg7+ Ke8 22. Qxg6+ Kf8 23. Bxf6 Qe8 24. Qg8# 1-0

[Event "Mechanics' Spring TNM; 30/90, SD/30"]
[Site "San Francisco"]
[Date "2009.04.28"]
[Round "7.24"]
[White "Star, Spencer"]
[Black "Yamamoto, Craig"]
[Result "0-1"]
[WhiteElo "1097"]
[BlackElo "1553"]
[PlyCount "56"]
[EventDate "2009.??.??"]

1. Nf3 d5 2. d4 Nf6 3. g3 c6 4. Bg2 Bf5 5. O-O e6 6. c4 Bd6 7. Nc3 dxc4 8. Qa4
b5 9. Qd1 Qc7 10. b3 b4 11. Na4 c3 12. a3 a5 13. Nc5 Ra7 14. axb4 axb4 15. Bg5
Ne4 16. Nh4 Nxg5 17. Nxf5 exf5 18. Qc2 Rxa1 19. Rxa1 g6 20. f4 Ne6 21. Nxe6
fxe6 22. e4 O-O 23. e5 Be7 24. Ra4 Nd7 25. Qa2 Rb8 26. Bf1 Nb6 27. Ra7 Rb7 28.
Rxb7 Qxb7 0-1

[Event "Mechanics' Wilkerson Mem TNM; 30/90, SD"]
[Site "San Francisco"]
[Date "2009.09.15"]
[Round "7.23"]
[White "Starr, Albert"]
[Black "Allen, Tom"]
[Result "0-1"]
[WhiteElo "1465"]
[BlackElo "1526"]
[PlyCount "96"]
[EventDate "2009.??.??"]

1. b4 e5 2. Bb2 Bxb4 3. Bxe5 Nf6 4. c4 Nc6 5. Bc3 O-O 6. e3 d5 7. Nf3 Bf5 8.
Nd4 Bxc3 9. Nxc6 bxc6 10. Nxc3 Re8 11. d4 Ne4 12. Nxe4 Bxe4 13. f3 Bg6 14. Kf2
Qf6 15. Bd3 Be4 16. Re1 Rab8 17. Kg1 Bg6 18. c5 Rb2 19. Re2 Reb8 20. Rxb2 Rxb2
21. Rb1 Rxb1 22. Qxb1 Qd8 23. Bxg6 hxg6 24. Qb7 Qe7 25. Kf2 Qh4+ 26. Ke2 Qxh2
27. Qc8+ Kh7 28. Qh3+ Qxh3 29. gxh3 f5 30. Kf2 g5 31. Kg3 Kg6 32. f4 Kh5 33. a3
a6 34. a4 a5 35. fxg5 Kxg5 36. Kf3 g6 37. Kg3 Kh5 38. Kf3 Kh4 39. Kg2 g5 40.
Kh2 g4 41. hxg4 Kxg4 42. Kg2 f4 43. Kf2 fxe3+ 44. Kxe3 Kg3 45. Ke2 Kf4 46. Kd3
Kf3 47. Kd2 Ke4 48. Kc3 Ke3 0-1

[Event "Mechanics' Winter TNM; 30/90, SD/30"]
[Site "San Francisco"]
[Date "2009.02.10"]
[Round "6.27"]
[White "Starr, Albert"]
[Black "Baran, Nicholas"]
[Result "1-0"]
[WhiteElo "1502"]
[BlackElo "1335"]
[PlyCount "67"]
[EventDate "2009.??.??"]

1. b4 e6 2. Bb2 d5 3. e3 Nf6 4. b5 Bc5 5. Nf3 a6 6. a4 c6 7. c4 O-O 8. Be2 dxc4
9. Bxc4 axb5 10. axb5 Rxa1 11. Bxa1 cxb5 12. Bxb5 Bd7 13. Bxd7 Nbxd7 14. Bxf6
Nxf6 15. O-O Qc7 16. d4 Bd6 17. g3 Rd8 18. Nbd2 h6 19. Qb1 Rc8 20. Ne1 Nd5 21.
Nd3 b6 22. Rc1 Nc3 23. Rxc3 Qxc3 24. Ne4 Qc6 25. f3 f5 26. Nd2 Qc3 27. Nb3 g5
28. Nbc1 f4 29. Qxb6 Rc6 30. Qd8+ Kg7 31. Qd7+ Kf6 32. Qd8+ Be7 33. Qh8+ Kf7
34. Ne5# 1-0

[Event "Mechanics' Fall TNM; 30/90, SD/30"]
[Site "San Francisco"]
[Date "2009.12.01"]
[Round "7.28"]
[White "Starr, Albert"]
[Black "Barrow, Lyle"]
[Result "1-0"]
[WhiteElo "1464"]
[BlackElo "1486"]
[PlyCount "65"]
[EventDate "2009.??.??"]

1. b4 e5 2. Bb2 Bxb4 3. Bxe5 Nf6 4. c4 O-O 5. e3 Nc6 6. Bc3 d5 7. Qb3 Bxc3 8.
Nxc3 dxc4 9. Bxc4 Na5 10. Qb5 Nxc4 11. Qxc4 Be6 12. Qb5 b6 13. Nf3 a6 14. Qb2
Re8 15. O-O Bg4 16. Nd4 c5 17. Nb3 Qc7 18. f3 Be6 19. Nc1 Rad8 20. Rd1 Nd5 21.
N3e2 Nxe3 22. Re1 Nc4 23. Qc3 Nxd2 24. Nd3 Nc4 25. Ndf4 Qe5 26. Qc1 Qe3+ 27.
Kh1 Qxc1 28. Rexc1 b5 29. Ng3 Rd4 30. Ne4 Rc8 31. h4 Nd2 32. Nxe6 Nxe4 33. Nxd4
1-0

[Event "Mechanics' Summer TNM; 30/90, SD/30"]
[Site "San Francisco"]
[Date "2009.07.14"]
[Round "8.22"]
[White "Starr, Albert"]
[Black "Bultman, Charles"]
[Result "1-0"]
[WhiteElo "1510"]
[BlackElo "1722"]
[PlyCount "153"]
[EventDate "2009.??.??"]

1. e4 c5 2. f4 d6 3. Nf3 Nf6 4. d3 Nc6 5. Be2 e6 6. O-O Be7 7. h3 O-O 8. Be3
Qc7 9. Nbd2 b6 10. c4 Bb7 11. a3 d5 12. e5 Ne8 13. d4 cxd4 14. Nxd4 Nxd4 15.
Bxd4 dxc4 16. Nxc4 Rd8 17. b4 g6 18. Rc1 Qb8 19. Rc2 Ng7 20. Ne3 Be4 21. Rd2
Qb7 22. Bf3 Bxf3 23. Qxf3 Qxf3 24. Rxf3 Rd7 25. Bc3 Rfd8 26. Rxd7 Rxd7 27. g4
Rd3 28. Bb2 b5 29. Kf1 Bd8 30. Ke2 Rd7 31. Nc2 Bb6 32. Rd3 Rxd3 33. Kxd3 a6 34.
Bd4 Bd8 35. Bc5 g5 36. Ke4 gxf4 37. Kxf4 f6 38. Nd4 Kf7 39. Nc6 Bc7 40. Bd6 Ne8
41. Bxc7 Nxc7 42. exf6 Kxf6 43. g5+ Kf7 44. Ke5 Ne8 45. h4 Ng7 46. Nb8 Nf5 47.
Nxa6 Ne3 48. Nc7 Nc4+ 49. Kf4 Nxa3 50. h5 Nc2 51. Nxb5 Nxb4 52. Nd6+ Ke7 53.
Ne4 Nd3+ 54. Ke3 Ne5 55. Nf6 h6 56. Ng8+ Kf7 57. Nxh6+ Kg7 58. Ke4 Nd7 59. Ng4
Nf8 60. Ke5 Nh7 61. Kf4 Nf8 62. Ne5 Kh7 63. Kg4 Kg7 64. h6+ Kh7 65. Kh5 Kg8 66.
g6 Nh7 67. gxh7+ Kxh7 68. Kg5 Kh8 69. Ng4 Kh7 70. Kf6 e5 71. Kxe5 Kg6 72. Ke6
Kh7 73. Kf7 Kh8 74. Kg6 Kg8 75. Ne5 Kh8 76. Nf7+ Kg8 77. h7+ 1-0

[Event "Mechanics' Wilkerson Mem TNM; 30/90, SD"]
[Site "San Francisco"]
[Date "2009.08.25"]
[Round "4.22"]
[White "Starr, Albert"]
[Black "Chen, Max"]
[Result "0-1"]
[WhiteElo "1465"]
[BlackElo "1586"]
[PlyCount "70"]
[EventDate "2009.??.??"]

1. e4 c5 2. f4 d5 3. exd5 Nf6 4. c4 e6 5. dxe6 Bxe6 6. Nf3 Bd6 7. d3 O-O 8. Be2
Re8 9. O-O Qc7 10. g3 Bh3 11. Re1 Qc6 12. Nh4 Qd7 13. Nd2 Nc6 14. Ndf3 Re7 15.
Bd2 Rae8 16. Ng5 Nd4 17. Nxh3 Nxe2+ 18. Kg2 Ng4 19. Ng1 Qc6+ 20. Nhf3 Nxf4+ 21.
gxf4 Rxe1 22. Bxe1 Ne3+ 23. Kf2 Nxd1+ 24. Rxd1 Bxf4 25. Kf1 Qa4 26. Ra1 Qc2 27.
b3 Qxd3+ 28. Kg2 Be3 29. Bg3 Qc2+ 30. Kh3 Re6 31. Re1 Rh6+ 32. Nh4 Re6 33. Re2
Qd3 34. Nhf3 Bxg1 35. Nxg1 Rxe2 0-1

[Event "Mechanics' Wilkerson Mem TNM; 30/90, SD"]
[Site "San Francisco"]
[Date "2009.09.08"]
[Round "6.24"]
[White "Starr, Albert"]
[Black "Durig, Alex"]
[Result "0-1"]
[WhiteElo "1465"]
[BlackElo "1234"]
[PlyCount "46"]
[EventDate "2009.??.??"]

1. e4 c5 2. f4 Nc6 3. Nf3 Qc7 4. d4 cxd4 5. Nxd4 e5 6. Nxc6 Qxc6 7. Bd3 d5 8.
exd5 Qxd5 9. O-O Bc5+ 10. Kh1 Bh3 11. Bb5+ Qd7 12. Bxd7+ Bxd7 13. fxe5 Rd8 14.
Qf3 f5 15. exf6 Nxf6 16. Qxb7 O-O 17. Bg5 Ng4 18. Qd5+ Kh8 19. Rxf8+ Rxf8 20.
g3 Nf2+ 21. Kg2 Bh3+ 22. Kg1 Ne4+ 23. Kh1 Rf1# 0-1

[Event "Mechanics' Wilkerson Mem TNM; 30/90, SD"]
[Site "San Francisco"]
[Date "2009.08.11"]
[Round "2.22"]
[White "Starr, Albert"]
[Black "Hack, Richard"]
[Result "1-0"]
[WhiteElo "1465"]
[BlackElo "1708"]
[PlyCount "89"]
[EventDate "2009.??.??"]

1. e4 e5 2. Nf3 Nc6 3. d4 exd4 4. Nxd4 d6 5. Bb5 Bd7 6. Nxc6 bxc6 7. Ba6 Nf6 8.
f3 Be7 9. O-O O-O 10. Be3 Ne8 11. Nd2 f5 12. exf5 Rxf5 13. b4 d5 14. a3 Bf6 15.
Rb1 Nd6 16. Qe1 Re5 17. Qf2 Qe8 18. Bd4 Re6 19. Nb3 Bc8 20. Nc5 Bxd4 21. Qxd4
Re2 22. Bxe2 Qxe2 23. Qf2 Qc4 24. Rfe1 Kf7 25. Qe2 Qd4+ 26. Qe3 Qf6 27. Qe5 Bf5
28. Qxf6+ Kxf6 29. Re2 a5 30. Rbe1 axb4 31. axb4 Ra2 32. c3 Ra3 33. Ne6 Rxc3
34. Nxc7 Nb5 35. Nxb5 cxb5 36. Re5 Rd3 37. g4 Bc8 38. g5+ Kg6 39. f4 Rd4 40.
Rc1 Rc4 41. Rxc4 bxc4 42. Rxd5 Be6 43. Rc5 h6 44. b5 hxg5 45. b6 1-0

[Event "Mechanics' Winter TNM; 30/90, SD/30"]
[Site "San Francisco"]
[Date "2009.01.20"]
[Round "3.26"]
[White "Starr, Albert"]
[Black "Hilliard, Michael"]
[Result "1-0"]
[WhiteElo "1502"]
[BlackElo "1437"]
[PlyCount "91"]
[EventDate "2009.??.??"]

1. b4 Nf6 2. Bb2 e6 3. b5 g6 4. e3 Bg7 5. Nf3 O-O 6. Be2 d5 7. O-O b6 8. d3 a6
9. a4 c6 10. c4 Bd7 11. Qb3 c5 12. Nbd2 Re8 13. Ra3 Bc8 14. Ne5 Bb7 15. Bf3 a5
16. Qa2 Nbd7 17. Qa1 Qc7 18. Nxd7 Qxd7 19. Bxf6 e5 20. Bxg7 Kxg7 21. Bxd5 Bxd5
22. cxd5 Qxd5 23. Nc4 Re6 24. e4 Qd4 25. Qxd4 cxd4 26. Rc1 f5 27. f3 f4 28. Nd2
Ra7 29. Ra2 Ree7 30. Rc6 Rab7 31. Nc4 Rec7 32. Rxc7+ Rxc7 33. Nxb6 Rc1+ 34. Kf2
Rc3 35. Ke2 Rc1 36. Kd2 Rg1 37. Rc2 Rxg2+ 38. Kc1 Rg1+ 39. Kb2 Rf1 40. Nc4 Kf6
41. b6 Rxf3 42. b7 Kg7 43. b8=Q Rxd3 44. Nxe5 Re3 45. Rc7+ Kh6 46. Ng4+ 1-0

[Event "Mechanics' Wilkerson Mem TNM; 30/90, SD"]
[Site "San Francisco"]
[Date "2009.09.29"]
[Round "9.21"]
[White "Starr, Albert"]
[Black "Hilliard, Michael"]
[Result "1-0"]
[WhiteElo "1465"]
[BlackElo "1400"]
[PlyCount "99"]
[EventDate "2009.??.??"]

1. b4 e6 2. Bb2 Nf6 3. b5 a6 4. a4 axb5 5. axb5 Rxa1 6. Bxa1 c5 7. c4 d5 8. e3
b6 9. Be2 Bb7 10. Nf3 Bd6 11. d3 O-O 12. O-O Nbd7 13. Nbd2 Qc7 14. g3 Ra8 15.
Qb3 Ng4 16. Bc3 Nge5 17. Qb2 Ra4 18. Nh4 dxc4 19. dxc4 Be7 20. f4 Bxh4 21. gxh4
Nxc4 22. Nxc4 f6 23. Ra1 Ra8 24. Rxa8+ Bxa8 25. Kf2 Qb7 26. Ke1 Qh1+ 27. Bf1
Bd5 28. Qe2 Bf3 29. Qf2 Bd5 30. Nd2 c4 31. Qe2 Nc5 32. Nxc4 Ne4 33. Bd4 e5 34.
fxe5 fxe5 35. Nxe5 Be6 36. Qg2 Qxg2 37. Bxg2 Nd6 38. Bxb6 Nxb5 39. Kf2 Nd6 40.
Nf3 Ne4+ 41. Ke1 Nf6 42. Bd4 Ng4 43. h3 Nf6 44. Bxf6 gxf6 45. Nd4 Bd7 46. Kf2
Kg7 47. Kg3 h6 48. Be4 Bc8 49. Nf5+ Kg6 50. Ne7+ 1-0

[Event "Mechanics' Summer TNM; 30/90, SD/30"]
[Site "San Francisco"]
[Date "2009.05.26"]
[Round "1.16"]
[White "Starr, Albert"]
[Black "Krasnov, Steven"]
[Result "0-1"]
[WhiteElo "1510"]
[BlackElo "1940"]
[PlyCount "80"]
[EventDate "2009.??.??"]

1. e4 c5 2. f4 d6 3. Nf3 g6 4. Be2 Bg7 5. O-O Nc6 6. c3 Nf6 7. d3 O-O 8. h3 Bd7
9. Be3 Qc7 10. Nbd2 b5 11. a4 b4 12. Qc2 a5 13. Rac1 Nh5 14. Rf2 Rfc8 15. Nh2
Ng3 16. Bg4 f5 17. Bf3 Rab8 18. c4 Nd4 19. Qb1 Bxa4 20. b3 Bc6 21. Nhf1 fxe4
22. Bg4 Nxf1 23. Rcxf1 Rf8 24. dxe4 Qb7 25. Kh1 Kh8 26. f5 h5 27. Bd1 gxf5 28.
Bxh5 Bxe4 29. Nxe4 Qxe4 30. Qxe4 fxe4 31. Bg6 Nxb3 32. Bxe4 Rxf2 33. Rxf2 a4
34. Bc2 Rf8 35. Re2 Rf1+ 36. Kh2 Be5+ 37. g3 Kg7 38. Kg2 Ra1 39. Bxb3 axb3 40.
Bxc5 b2 0-1

[Event "Mechanics' Fall TNM; 30/90, SD/30"]
[Site "San Francisco"]
[Date "2009.10.27"]
[Round "2.25"]
[White "Starr, Albert"]
[Black "Litowsky, Daniel"]
[Result "1-0"]
[WhiteElo "1464"]
[BlackElo "1700"]
[PlyCount "87"]
[EventDate "2009.??.??"]

1. e4 e5 2. Nf3 Nc6 3. d4 exd4 4. Nxd4 Bc5 5. Be3 Qe7 6. f3 Nf6 7. Nxc6 dxc6 8.
Bxc5 Qxc5 9. Nc3 Be6 10. Bd3 O-O-O 11. Qe2 Rhe8 12. O-O-O Nd7 13. f4 g6 14. Rd2
h5 15. Qf2 Qa5 16. Rhd1 Kb8 17. a3 Nf6 18. h3 c5 19. f5 gxf5 20. exf5 Bc8 21.
Re2 Rxe2 22. Bxe2 Rxd1+ 23. Bxd1 Bd7 24. g4 hxg4 25. hxg4 Bc6 26. g5 Ne4 27.
Nxe4 Bxe4 28. f6 Bg6 29. Qd2 Qxd2+ 30. Kxd2 Kc8 31. Bg4+ Kd8 32. c3 c6 33. Ke3
Kc7 34. Kf4 Kd6 35. Bf5 Bh5 36. Ke4 a6 37. Bh7 b5 38. Kf5 b4 39. g6 fxg6+ 40.
Bxg6 Be2 41. Be8 Bd3+ 42. Kg5 a5 43. Bxc6 Kxc6 44. f7 1-0

[Event "Mechanics' Winter TNM; 30/90, SD/30"]
[Site "San Francisco"]
[Date "2009.01.06"]
[Round "1.12"]
[White "Starr, Albert"]
[Black "Manvelyan, Hovik"]
[Result "0-1"]
[WhiteElo "1502"]
[BlackElo "1878"]
[PlyCount "64"]
[EventDate "2009.??.??"]

1. b4 b6 2. Bb2 Bb7 3. e3 Nf6 4. Nf3 e6 5. b5 c5 6. c4 d5 7. Be2 Nbd7 8. d3 Qc7
9. O-O Bd6 10. g3 h5 11. h4 dxc4 12. dxc4 Bxg3 13. Nbd2 Bd6 14. a4 Ng4 15. Re1
Ndf6 16. Ng5 Nxe3 17. fxe3 Bh2+ 18. Kf1 Qg3 19. Bf3 Ng4 20. Nde4 Bxe4 21. Nxe4
Qg1+ 22. Ke2 Qxe3+ 23. Kf1 Qf4 24. Ra3 Rd8 25. Rd3 Rxd3 26. Qxd3 O-O 27. Bc1
Qf5 28. Nf2 Qf6 29. Bg5 Nxf2 30. Kxf2 Qb2+ 31. Re2 Qa1 32. Qc2 Qg1# 0-1

[Event "Mechanics' Fall TNM; 30/90, SD/30"]
[Site "San Francisco"]
[Date "2009.12.15"]
[Round "9.26"]
[White "Starr, Albert"]
[Black "Montoya, Daniel"]
[Result "0-1"]
[WhiteElo "1464"]
[BlackElo "1228"]
[PlyCount "104"]
[EventDate "2009.??.??"]

1. b4 e5 2. Bb2 Bxb4 3. Bxe5 Nf6 4. c4 Nc6 5. Bc3 Bxc3 6. Nxc3 d5 7. cxd5 Nxd5
8. Nxd5 Qxd5 9. Qb3 Qxb3 10. axb3 Be6 11. Ra3 Nd4 12. Kd1 Bxb3+ 13. Kc1 Be6 14.
e3 Nc6 15. d4 O-O 16. Nf3 Rfc8 17. Bb5 Bd5 18. Ne1 Nd8 19. f3 c5 20. Kd2 cxd4
21. exd4 Ne6 22. Nc2 Rxc2+ 23. Kxc2 Nxd4+ 24. Kd2 Nxb5 25. Ra5 Bc6 26. Rb1 Rd8+
27. Ke3 Nc3 28. Rc1 Nd5+ 29. Kf2 a6 30. h4 Nf4 31. Rc4 Ne6 32. g4 Rd3 33. Ke2
Rb3 34. Rxc6 bxc6 35. Rxa6 g6 36. Ra8+ Kg7 37. g5 Nf4+ 38. Kf2 Rb7 39. Rc8 Rb2+
40. Ke3 Nd5+ 41. Kd4 Ne7 42. Re8 Nf5+ 43. Kc5 Rc2+ 44. Kb6 Nxh4 45. Re3 Rf2 46.
Kxc6 Rxf3 47. Re4 Nf5 48. Kd7 Rg3 49. Ra4 Rxg5 50. Ra7 Rg3 51. Ke8 Re3+ 52. Kd8
h5 0-1

[Event "Mechanics' Spring TNM; 30/90, SD/30"]
[Site "San Francisco"]
[Date "2009.05.05"]
[Round "8.22"]
[White "Starr, Albert"]
[Black "Nelson, Christopher"]
[Result "0-1"]
[WhiteElo "1621"]
[BlackElo "1420"]
[PlyCount "68"]
[EventDate "2009.??.??"]

1. b4 e6 2. Bb2 Nf6 3. b5 c5 4. c4 d5 5. e3 d4 6. exd4 cxd4 7. d3 Bb4+ 8. Nd2
e5 9. Ngf3 O-O 10. Be2 Nbd7 11. O-O b6 12. a4 Bb7 13. Ne1 Nc5 14. Nb3 Nfd7 15.
Ba3 Bxa3 16. Rxa3 f5 17. f4 Nxb3 18. Qxb3 Nc5 19. Qa2 exf4 20. Rxf4 Qd6 21. Rf2
Kh8 22. Bf3 Rae8 23. Nc2 Bxf3 24. Rxf3 Re2 25. Qb1 Rfe8 26. Rxf5 Rxg2+ 27. Kxg2
Qg6+ 28. Kh1 Qxf5 29. Nxd4 Qf2 30. Ra1 Qxd4 31. Qf1 Nxd3 32. h3 Nf2+ 33. Kh2
Re6 34. Ra2 Qf4+ 0-1

[Event "Mechanics' Spring TNM; 30/90, SD/30"]
[Site "San Francisco"]
[Date "2009.03.24"]
[Round "2.26"]
[White "Starr, Albert"]
[Black "Puryear, Ted"]
[Result "1-0"]
[WhiteElo "1621"]
[BlackElo "1124"]
[PlyCount "89"]
[EventDate "2009.??.??"]

1. b4 Nf6 2. Bb2 g6 3. e3 Bg7 4. Nf3 O-O 5. Be2 d6 6. O-O e5 7. d3 Na6 8. b5
Nc5 9. a4 Bd7 10. Nbd2 e4 11. dxe4 Nfxe4 12. Bxg7 Kxg7 13. Nxe4 Nxe4 14. Qd4+
Nf6 15. c4 Re8 16. Nd2 Kg8 17. Bf3 c6 18. Qxd6 Re6 19. Qd4 Qc7 20. Ne4 Nxe4 21.
Bxe4 Rd6 22. Qb2 Re8 23. Bf3 c5 24. Rfd1 b6 25. Rxd6 Qxd6 26. Rd1 Qe7 27. Qd2
Rd8 28. Bc6 Qh4 29. Qd5 Qf6 30. Bxd7 Qc3 31. g3 Qb3 32. a5 bxa5 33. Rd3 Qb4 34.
Kg2 a4 35. Qe4 a3 36. Rd1 a2 37. Qe5 Qb1 38. Qa1 Qxa1 39. Rxa1 Rxd7 40. Rxa2
Kg7 41. Ra6 g5 42. Rc6 a5 43. bxa6 Ra7 44. Rxc5 Rxa6 45. Rxg5+ 1-0

[Event "Mechanics' Spring TNM; 30/90, SD/30"]
[Site "San Francisco"]
[Date "2009.03.31"]
[Round "3.15"]
[White "Starr, Albert"]
[Black "Russell, Joe"]
[Result "0-1"]
[WhiteElo "1621"]
[BlackElo "1831"]
[PlyCount "98"]
[EventDate "2009.??.??"]

1. b4 c6 2. c4 e5 3. Bb2 Bxb4 4. Bxe5 Nf6 5. e3 O-O 6. Nf3 d5 7. Qb3 Ba5 8. Be2
Nbd7 9. Bc3 Bc7 10. O-O Nc5 11. Qc2 Nce4 12. Bb2 Bg4 13. g3 dxc4 14. Nd4 Bxe2
15. Nxe2 b5 16. Nd4 Qd7 17. a4 a6 18. Rd1 Be5 19. Nf3 Bxb2 20. Qxb2 Qf5 21. Kg2
Ng4 22. Rf1 Rfd8 23. h3 Ngf6 24. Nd4 Qd5 25. f3 Nd6 26. Nc3 Qc5 27. Nce2 Rd7
28. Ra2 Rad8 29. Rfa1 b4 30. Qc1 a5 31. Nb3 Qb6 32. Nbd4 Qa6 33. Kf2 Nd5 34. e4
b3 35. Rb2 Nb4 36. Qc3 Nd3+ 37. Kf1 Nxb2 38. Qxb2 c5 39. Nb5 Nxb5 40. axb5 Qxb5
41. Nc3 Qb8 42. f4 Rxd2 43. Qb1 R8d3 44. Nd5 Rd1+ 45. Qxd1 Rxd1+ 46. Rxd1 b2
47. Rb1 a4 48. Nc3 a3 49. Ke2 Qb3 0-1

[Event "Mechanics' Fall TNM; 30/90, SD/30"]
[Site "San Francisco"]
[Date "2009.11.10"]
[Round "4.26"]
[White "Starr, Albert"]
[Black "Smith, Andrew"]
[Result "0-1"]
[WhiteElo "1464"]
[BlackElo "1574"]
[PlyCount "72"]
[EventDate "2009.??.??"]

1. b4 b6 2. Bb2 Bb7 3. e3 d6 4. Nf3 Nd7 5. Be2 Ngf6 6. O-O e5 7. d3 c6 8. c4
Qc7 9. Nbd2 d5 10. b5 c5 11. a4 d4 12. exd4 exd4 13. Re1 Bd6 14. Bf1+ Kd8 15.
g3 h5 16. Ng5 Ne5 17. f4 Neg4 18. Bc1 Ne3 19. Qb3 Bxf4 20. Nde4 Nxe4 21. Nxe4
f5 22. Bxe3 Bxe3+ 23. Nf2 f4 24. Bg2 fxg3 25. Rxe3 gxf2+ 26. Kxf2 dxe3+ 27.
Kxe3 Bxg2 28. Rd1 Qe5+ 29. Kd2 Rf8 30. Kc1 Rf2 31. d4 cxd4 32. Qc3 Kc7 33. Rxd4
Re8 34. Qd3 Qe1+ 35. Qd1 Qc3+ 36. Kb1 Qb2# 0-1